Vista normal
Vista MARC
Entrada Nombre Geográfico
Número de registros utilizados en: 1
001 - CONTROL NUMBER
- control field: 27529
003 - CONTROL NUMBER IDENTIFIER
- control field: AR-RoUNA
005 - DATE AND TIME OF LATEST TRANSACTION
- control field: 20251028101305.0
008 - FIXED-LENGTH DATA ELEMENTS
- fixed length control field: 251028|| aca||aabn | a|a d
040 ## - CATALOGING SOURCE
- Original cataloging agency: AR-RoUNA
- Transcribing agency: AR-RoUNA
151 ## - HEADING--GEOGRAPHIC NAME
- Geographic name: Avila (España)
670 ## - SOURCE DATA FOUND
- Source citation: Work cat.: (AR-RoUNA)12194: España. Universidad de Valladolid. Escuela Técnica Superior de Arquitectura de Valladolid. Taller de Proyectos Arquitectónicos III. 27527, El Proyecto y la Memoria., 1995.